| 000 | 00344nam a2200145Ia 4500 | ||
|---|---|---|---|
| 008 | 230917s9999||||xx |||||||||||||| ||und|| | ||
| 040 |
_e206216 _aMAIN |
||
| 041 | _aEnglish | ||
| 082 | _a891.2109 R835K | ||
| 100 | _aRudrata | ||
| 245 | 0 | _aKavyalankara | |
| 260 |
_aVaranasi _bChowkhamba Vidyabhawan _c2010 |
||
| 300 | _a427 p. | ||
| 942 | _cBK | ||
| 999 |
_c174838 _d174838 |
||